Una función de costos para la industria bancaria (Registro nro. 24872)
[ vista simple ]
| 000 -LEADER | |
|---|---|
| fixed length control field | 00416 a2200145 4500 |
| 001 - CONTROL NUMBER | |
| control field | ART_11029 |
| 005 - DATE AND TIME OF LATEST TRANSACTION | |
| control field | 20260410161849.0 |
| 008 - FIXED-LENGTH DATA ELEMENTS--GENERAL INFORMATION | |
| fixed length control field | 260409a |
| 100 1# - MAIN ENTRY--PERSONAL NAME | |
| Personal name | DAmato, Laura |
| 245 10 - TITLE STATEMENT | |
| Title | Una función de costos para la industria bancaria |
| 700 1# - ADDED ENTRY--PERSONAL NAME | |
| Personal name | López, Beatriz |
| 700 1# - ADDED ENTRY--PERSONAL NAME | |
| Personal name | Penas, Fabiana |
| 700 1# - ADDED ENTRY--PERSONAL NAME | |
| Personal name | Streb, Jorge M. |
| 773 0# - HOST ITEM ENTRY | |
| Title | Económica |
| Related parts | - Año XL, Nº 2 (jun. 1994) |
| Record control number | REV7541 |
No hay ítems disponibles.